000 00921cam a22002415a 4500
001 L159365
008 161219s2016 xxk f 000 0 eng d
020 _a9781911396055
035 _a(Sirsi) u159365
041 0 _aeng
100 1 _aHaniff, Amos
245 0 0 _aProject management
_h[electronic resource]
250 _a4th edition
260 _aLondon
_bGoodfellow Publishers
_c2016
520 _aProvides an essential toolkit to develop knowledge of project management starting from the first principles and progressing to a more complex understanding, with the help of an assortment of case studies, practical examples and numerical worked examples.
590 _aKA
650 2 4 _aEBOOK
651 4 _aInternational
690 _aProject management
_96261
700 1 _aSalama, Mohamed
856 4 0 _uhttps://www.vlebooks.com/
_zView on VLEbooks. Logins for members only from [email protected]
942 _n0
999 _c115837
_d115837